00460 2200169 4500001002100000008004100021035002000062245008600082100002000168250000600188260003600194300001200230084001400242082000800256650001400264990001200278INLIS000000000001081 ind  a0010-0524000316 aThe Blessing Path From Thief The God's Beloved; Maling Jadi WalicKH. Agoes Ali M aKH. Agoes Ali M a1 aSidoarjo :bBumi Shalawatc2002 a229 hlm a200 AGO t a200 aNon Fiksi a0744059